International Dispute Settlement (Record no. 47338)

MARC details
000 -LEADER
fixed length control field 00624nam a2200169 a 4500
008 - FIXED-LENGTH DATA ELEMENTS--GENERAL INFORMATION
fixed length control field 160511s2011 ||||||||||||||||| || u
020 ## - INTERNATIONAL STANDARD BOOK NUMBER
International Standard Book Number 9780521153393
050 ## - LIBRARY OF CONGRESS CALL NUMBER
Classification number JZ 6010 Mer
100 ## - MAIN ENTRY--PERSONAL NAME
Personal name Merrills, J. G
245 10 - TITLE STATEMENT
Title International Dispute Settlement
Statement of responsibility, etc. J G Merrills
250 ## - EDITION STATEMENT
Edition statement 5th ed.
260 ## - PUBLICATION, DISTRIBUTION, ETC.
Place of publication, distribution, etc. Cambridge:
Name of publisher, distributor, etc. Cambridege University Press
Date of publication, distribution, etc. 2011
300 ## - PHYSICAL DESCRIPTION
Extent xvi, 359p.
350 ## - PRICE (NR) (BK AM CF MU VM SE) [OBSOLETE]
Price 74.99
650 ## - SUBJECT ADDED ENTRY--TOPICAL TERM
Topical term or geographic name entry element PACIFIC SETTLEMENT OF INTERNATIONAL DISPUTES
995 ## - RECOMMENDATION 995 [LOCAL, UNIMARC FRANCE]
-- CBU-MAIN LIBRARY (Kitwe)
-- 74.99
-- 1
-- AVAILABLE
-- May 12, 2016
-- Main Library Open Access Collection
Holdings
Withdrawn status Lost status Source of classification or shelving scheme Damaged status Not for loan Home library Current library Shelving location Date acquired Total Checkouts Full call number Barcode Date last seen Price effective from Koha item type
          CBU-MAIN LIBRARY, KITWE. CBU-MAIN LIBRARY, KITWE.   11/30/2022   JZ 6010 Mer 745741 11/30/2022 11/30/2022 MONOGRAPH